Bankkari Vidhirat Parkramya Likhit Adhiniyam (Record no. 1238222)
[ view plain ]
| 000 -LEADER | |
|---|---|
| fixed length control field | 00409nam a22001457a 4500 |
| 008 - FIXED-LENGTH DATA ELEMENTS--GENERAL INFORMATION | |
| fixed length control field | 250121b |||||||| |||| 00| 0 eng d |
| 082 ## - DEWEY DECIMAL CLASSIFICATION NUMBER | |
| Classification number | X62 Q1;5 |
| Item number | Q1;5 |
| 100 ## - MAIN ENTRY--PERSONAL NAME | |
| Personal name | Singh, Avtar |
| 245 ## - TITLE STATEMENT | |
| Title | Bankkari Vidhirat Parkramya Likhit Adhiniyam |
| Statement of responsibility, etc. | by Avtar Singh |
| 250 ## - EDITION STATEMENT | |
| Edition statement | 6th |
| 260 ## - PUBLICATION, DISTRIBUTION, ETC. | |
| Place of publication, distribution, etc. | Lucknow |
| Name of publisher, distributor, etc. | EBC |
| Date of publication, distribution, etc. | 2011 |
| 300 ## - PHYSICAL DESCRIPTION | |
| Extent | xxxix, 416p. |
| 942 ## - ADDED ENTRY ELEMENTS (KOHA) | |
| Source of classification or shelving scheme | Colon Classification (CC) |
| Classification part | X62 |
| Item part | Q1;5 |
| Call number prefix | LCT |
| Withdrawn status | Lost status | Source of classification or shelving scheme | Damaged status | Not for loan | Home library | Current library | Date acquired | Cost, normal purchase price | Total Checkouts | Full call number | Barcode | Date last seen | Copy number | Price effective from | Koha item type |
|---|---|---|---|---|---|---|---|---|---|---|---|---|---|---|---|
| Colon Classification (CC) | Law Centre-II Library | Law Centre-II Library | 2025-01-21 | 350.00 | X62 Q1;5 | LT0025210 | 2025-01-21 | 1 | 2025-01-21 | General Books |
